000 00676nam a2200217 i 4500
001 bg
100 1 _aGRONOWICZ, Jan
_d(1930- )
245 1 0 _aGospodarka energetyczna w transporcie lądowym /
_cJan Gronowicz.
260 _aPoznań :
_bWydaw. Politechniki Poznańskiej,
_c2004.
300 _a114 s. :
_bmapa, rys., tab., wykr. ;
_c24 cm.
504 _aBibliogr. s. 114.
650 9 _aTransport drogowy
_xenergochłonność
650 9 _aTransport kolejowy
_xenergochłonność
020 _a8371435592
040 _cBPK
041 0 _apol
080 _a620.9:656.1/.3.003:629.3/.4
920 _a83-7143-559-2
942 _cKS
008 s pl f |000 0 pol
999 _c44547
_d44547
856 _uhttp://koha.tu.koszalin.pl/cgi-bin/koha/opac-detail.pl?biblionumber=44547
_yKatalog online BPK